<?xml version="1.0" encoding="UTF-8"?>
<record
    xmlns:xsi="http://www.w3.org/2001/XMLSchema-instance"
    xsi:schemaLocation="http://www.loc.gov/MARC21/slim http://www.loc.gov/standards/marcxml/schema/MARC21slim.xsd"
    xmlns="http://www.loc.gov/MARC21/slim">

  <leader>00573nam a22001337a 4500</leader>
  <datafield tag="999" ind1=" " ind2=" ">
    <subfield code="c">6999</subfield>
    <subfield code="d">6999</subfield>
  </datafield>
  <controlfield tag="008">200414b           ||||| |||| 00| 0 eng d</controlfield>
  <datafield tag="020" ind1=" " ind2=" ">
    <subfield code="a">9987  417  28 0</subfield>
  </datafield>
  <datafield tag="100" ind1=" " ind2=" ">
    <subfield code="a">MWAKALILA,Shadrack</subfield>
  </datafield>
  <datafield tag="245" ind1=" " ind2=" ">
    <subfield code="a">The Use of Suistainable Irrigation for Poverty Alleviation in Tanzania</subfield>
    <subfield code="b">The Case of Smalleholder Irrigation Schemes in Igurusi,Mbarali District</subfield>
    <subfield code="c">Shadrack Mwakalaand Christine Noe</subfield>
    <subfield code="h">English</subfield>
  </datafield>
  <datafield tag="260" ind1=" " ind2=" ">
    <subfield code="a">Dar Es Salaam</subfield>
    <subfield code="b">Research on Poverty Alleviation</subfield>
    <subfield code="c">2004</subfield>
  </datafield>
  <datafield tag="300" ind1=" " ind2=" ">
    <subfield code="a">xii,55p.</subfield>
    <subfield code="b">Illustration</subfield>
    <subfield code="c">18cm</subfield>
  </datafield>
  <datafield tag="650" ind1=" " ind2=" ">
    <subfield code="2">Research Report on Poverty Alleviation</subfield>
  </datafield>
  <datafield tag="942" ind1=" " ind2=" ">
    <subfield code="2">ddc</subfield>
    <subfield code="c">BOOKS</subfield>
  </datafield>
  <datafield tag="952" ind1=" " ind2=" ">
    <subfield code="0">0</subfield>
    <subfield code="1">0</subfield>
    <subfield code="2">ddc</subfield>
    <subfield code="4">0</subfield>
    <subfield code="7">0</subfield>
    <subfield code="a">3000</subfield>
    <subfield code="b">3000</subfield>
    <subfield code="d">2020-04-14</subfield>
    <subfield code="l">0</subfield>
    <subfield code="p">10000002776</subfield>
    <subfield code="r">2020-04-14</subfield>
    <subfield code="w">2020-04-14</subfield>
    <subfield code="y">BOOKS</subfield>
  </datafield>
  <datafield tag="952" ind1=" " ind2=" ">
    <subfield code="0">0</subfield>
    <subfield code="1">0</subfield>
    <subfield code="2">ddc</subfield>
    <subfield code="4">0</subfield>
    <subfield code="7">0</subfield>
    <subfield code="a">3000</subfield>
    <subfield code="b">3000</subfield>
    <subfield code="d">2020-04-14</subfield>
    <subfield code="l">0</subfield>
    <subfield code="p">10000002777</subfield>
    <subfield code="r">2020-04-14</subfield>
    <subfield code="w">2020-04-14</subfield>
    <subfield code="y">BOOKS</subfield>
  </datafield>
</record>
